ARRUPE JESUIT UNIVERSITY

CORONAVIRUS -STOP THE SPREAD - CLEAN,DISINFECT,COVER

Bloomsbury : (Record no. 123566)

MARC details
000 -LEADER
fixed length control field 00872cam a2200289 i 4500
001 - CONTROL NUMBER
control field 2280081
003 - CONTROL NUMBER IDENTIFIER
control field ARRUPE
005 - DATE AND TIME OF LATEST TRANSACTION
control field 20151022093753.0
008 - FIXED-LENGTH DATA ELEMENTS--GENERAL INFORMATION
fixed length control field 790213s1979 pauaf b 001 0ceng
010 ## - LIBRARY OF CONGRESS CONTROL NUMBER
LC control number 79004341
020 ## - INTERNATIONAL STANDARD BOOK NUMBER
International Standard Book Number 0397010435
040 ## - CATALOGING SOURCE
Original cataloging agency DLC
Transcribing agency DLC
Modifying agency DLC
043 ## - GEOGRAPHIC AREA CODE
Geographic area code e-uk-en
050 00 - LIBRARY OF CONGRESS CALL NUMBER
Classification number DA688
Item number .E3
082 00 - DEWEY DECIMAL CLASSIFICATION NUMBER
Classification number 942.1/082
300 ## - PHYSICAL DESCRIPTION
Other physical details ill. ;
Dimensions 24 cm.
100 1# - MAIN ENTRY--PERSONAL NAME
Personal name Edel, Leon,
Dates associated with a name 1907-1997.
9 (RLIN) 20395
245 10 - TITLE STATEMENT
Title Bloomsbury :
Remainder of title a house of lions /
Statement of responsibility, etc Leon Edel.
250 ## - EDITION STATEMENT
Edition statement 1st ed.
260 ## - PUBLICATION, DISTRIBUTION, ETC. (IMPRINT)
Place of publication, distribution, etc Middlesex
Name of publisher, distributor, etc Penguin Books
Date of publication, distribution, etc 1981
300 ## - PHYSICAL DESCRIPTION
Extent 288 p., [4] leaves of plates :
500 ## - GENERAL NOTE
General note Includes index.
504 ## - BIBLIOGRAPHY, ETC. NOTE
Bibliography, etc Bibliography: p. 275-278.
650 #0 - SUBJECT ADDED ENTRY--TOPICAL TERM
Topical term or geographic name as entry element Bloomsbury group.
9 (RLIN) 20396
651 #0 - SUBJECT ADDED ENTRY--GEOGRAPHIC NAME
Geographic name Bloomsbury (London, England)
General subdivision Intellectual life
Chronological subdivision 20th century.
9 (RLIN) 20397
906 ## - LOCAL DATA ELEMENT F, LDF (RLIN)
a 7
b cbc
c orignew
d 1
e ocip
f 19
g y-gencatlg
942 ## - ADDED ENTRY ELEMENTS (KOHA)
Source of classification or shelving scheme Library of Congress Classification
Koha item type Monograph ( Printed materials)
Holdings
Withdrawn status Lost status Source of classification or shelving scheme Damaged status Not for loan Collection code Home library Current library Shelving location Date acquired Total Checkouts Full call number Barcode Date last seen Price effective from Koha item type
    Library of Congress Classification     Main Collection ARRUPE LIBRARY ARRUPE LIBRARY Main Collection 20/10/2015   DA688.E3 46500005512 20/10/2015 20/10/2015 Monograph ( Printed materials)

 

Arrupe Library. PO Box MP320 Mt Pleasant, Harare, Zimbabwe
263 242 745411|librarian@aju.ac.zw